[Event "IX MIEDZYNARODOWY TURNIEJ SZACHOWY - GORA SW. ANNY 2016 - Open A"]
[Site "Gora Sw. Anny"]
[Date "1899-12-30"]
[Round "9.12"]
[White "Smal, Tobiasz"]
[Black "Korpalski, Maciej"]
[Result "0-1"]
[WhiteTitle "k"]
[BlackTitle "I"]
[WhiteElo "2006"]
[BlackElo "1901"]

1. e4 c5 2. Nf3 d6 3. d4 cxd4 4. Qxd4 Nf6 5. Bg5 Nc6 6. Bb5 Nd7 7. Bxc6 bxc6 8.
O-O Qb6 9. c4 e5 10. Qd2 h6 11. Be3 Qb7 12. Nc3 Nf6 13. h3 Be6 14. b3 Be7 15.
Rfd1 O-O 16. Qc2 Rad8 17. Na4 Qb8 18. Rac1 Rc8 19. c5 d5 20. exd5 cxd5 21. Qe2
Bd7 22. Nb2 Rfe8 23. b4 e4 24. Nd4 Qxb4 25. c6 Be6 26. a3 Qxa3 27. Ra1 Qd6 28.
Rxa7 Qe5 29. Na4 Bd6 30. g3 Bxh3 31. Bf4 Bg4 32. Bxe5 Bxe2 33. Bxd6 Bxd1 34. Nb6
Rcd8 35. Nb5 Be2 36. Nc7 Rxd6 37. Nxe8 Nxe8 38. Ra8 Rxc6 39. Rxe8+ Kh7 40. Nxd5
Bf3 41. g4 Rc1+ 42. Kh2 Rh1+ 43. Kg3 Rg1+ 44. Kh3 Rxg4 45. Rf8 Rg2 46. Rxf7 Rxf2
47. Nf6+ Kg6 48. Nxe4 Bg2+ 0-1

[Event "IX MIEDZYNARODOWY TURNIEJ SZACHOWY - GORA SW. ANNY 2016 - Open A"]
[Site "Gora Sw. Anny"]
[Date "1899-12-30"]
[Round "9.13"]
[White "Praczukowski, Stanislaw"]
[Black "Janocha, Jan"]
[Result "1-0"]
[WhiteTitle "I++"]
[BlackTitle "I"]
[WhiteElo "2003"]
[BlackElo "1744"]

1. e4 c5 2. Nf3 Nc6 3. d4 cxd4 4. Nxd4 d6 5. Nc3 Nf6 6. Bg5 e6 7. Qd2 Qb6 8. Nb3
Bd7 9. O-O-O Rc8 10. Be3 Qd8 11. f3 Be7 12. g4 a5 13. Kb1 Ne5 14. g5 Nh5 15. f4
Nc4 16. Bxc4 Rxc4 17. Qe2 Rxc3 18. bxc3 g6 19. Rhe1 a4 20. Nc1 O-O 21. Qc4 b5
22. Qd4 Qc7 23. Ne2 Rc8 24. Qb6 Bc6 25. Qxc7 Rxc7 26. Bb6 Rb7 27. Bd8 Kf8 28.
Bxe7+ Kxe7 29. e5 d5 30. Rd4 Rb8 31. Ng3 Nxg3 32. hxg3 Kf8 33. Kb2 Bd7 34. Rh1
Kg7 35. g4 Rc8 36. Rh3 Bc6 37. Ka3 Rh8 38. Rd2 Rc8 39. Rdh2 Rh8 40. Kb4 Bd7 41.
Rh6 Kg8 42. Kc5 Kg7 43. a3 Be8 44. Kd6 Kg8 45. Ke7 Bc6 46. f5 d4 47. Rd2 Bd5 48.
Rxd4 Kg7 49. f6+ Kg8 50. c4 bxc4 51. c3 1-0

[Event "IX MIEDZYNARODOWY TURNIEJ SZACHOWY - GORA SW. ANNY 2016 - Open A"]
[Site "Gora Sw. Anny"]
[Date "1899-12-30"]
[Round "9.14"]
[White "Czopor, Maciej"]
[Black "Chmiel, Piotr"]
[Result "1-0"]
[WhiteTitle "I+"]
[BlackTitle "I+"]
[WhiteElo "1906"]
[BlackElo "1914"]

1. e4 e5 2. Nf3 Nc6 3. Bb5 a6 4. Ba4 Nf6 5. O-O b5 6. Bb3 Nxe4 7. d4 d5 8. dxe5
Be6 9. c3 Bc5 10. Qe2 O-O 11. Be3 Qe7 12. Rd1 Rad8 13. Nbd2 Bf5 14. Nd4 Bxd4 15.
cxd4 Na5 16. Rac1 Nc4 17. Nxc4 bxc4 18. Bc2 Bg6 19. f3 Ng5 20. b3 Bxc2 21. Qxc2
cxb3 22. axb3 Ne6 23. f4 f5 24. Qc6 Rd7 25. Ra1 Rb8 26. Rxa6 Rxb3 27. Bc1 Nd8
28. Qc2 Rb6 29. Rxb6 cxb6 30. Qxf5 b5 31. Ba3 Qf7 32. Qg4 h5 33. Qh3 g6 34. Rf1
Qf5 35. Qxf5 gxf5 36. Bc5 Ne6 37. Rb1 Rb7 38. g3 Kf7 39. Kf2 Ke8 40. Ke3 Kd7 41.
h3 Nxc5 42. dxc5 Kc6 43. Kd4 Ra7 44. e6 Ra4+ 45. Ke5 Re4+ 46. Kxf5 Kxc5 47. Kf6
Kd6 48. f5 b4 49. Kf7 1-0

[Event "IX MIEDZYNARODOWY TURNIEJ SZACHOWY - GORA SW. ANNY 2016 - Open A"]
[Site "Gora Sw. Anny"]
[Date "1899-12-30"]
[Round "10.1"]
[White "Hnydiuk, Aleksander"]
[Black "Kantans, Toms"]
[Result "1-0"]
[WhiteTitle "IM"]
[BlackTitle "IM"]
[WhiteElo "2341"]
[BlackElo "2513"]

1. Nf3 c5 2. c4 Nf6 3. g3 g6 4. Bg2 Bg7 5. O-O O-O 6. d4 d5 7. cxd5 Nxd5 8. dxc5
Na6 9. Ng5 Ndb4 10. Nc3 h6 11. Nge4 Be6 12. Qa4 f5 13. Nd2 Qc8 14. Nf3 g5 15.
Rd1 Nc6 16. Be3 f4 17. Bd4 Nxd4 18. Nxd4 Nxc5 19. Qa3 Bxd4 20. Rxd4 Qc7 21. Nd5
Bxd5 22. Bxd5+ Kg7 23. Rc1 Rac8 24. Rdc4 b6 25. b4 Qd7 26. Bg2 Ne6 27. Qc3+ Nd4
28. Rxc8 Rxc8 29. Qxc8 Nxe2+ 30. Kh1 1-0

[Event "IX MIEDZYNARODOWY TURNIEJ SZACHOWY - GORA SW. ANNY 2016 - Open A"]
[Site "Gora Sw. Anny"]
[Date "1899-12-30"]
[Round "10.2"]
[White "Kislinsky, Alexey"]
[Black "Stupak, Kirill"]
[Result "1/2-1/2"]
[WhiteTitle "GM"]
[BlackTitle "GM"]
[WhiteElo "2475"]
[BlackElo "2537"]

1. e4 e6 2. d4 d5 3. Nd2 dxe4 4. Nxe4 Nd7 5. g4 Ngf6 6. Nxf6+ Nxf6 7. g5 Nd5 8.
a3 h6 9. g6 fxg6 10. Bd3 Qf6 11. c4 Ne7 12. Nf3 Nf5 13. Rg1 Bd7 14. Ne5 O-O-O
15. Rxg6 Qe7 16. Qg4 Kb8 17. Bd2 Bc8 18. Bc3 Qe8 19. O-O-O Be7 20. Qe4 Rf8 21.
Rgg1 g5 22. Be2 Nd6 23. Qc2 Rxf2 24. Rge1 Nf5 25. Qb3 Bd6 26. Ng4 Rf4 27. c5 Bf8
28. Ne5 Ne7 29. Bc4 Bg7 30. Bxe6 Bxe6 31. Qxe6 Rf6 32. Qh3 Qa4 33. Rd2 a6 34.
c6 Rxc6 35. Nxc6+ Nxc6 36. d5 Nd4 37. Kb1 Rxd5 38. Re7 Bf6 39. Rf7 Be5 40. Rf8+
Ka7 41. Qe3 c5 42. Qe4 Qb3 43. Rff2 Bf4 44. Rxd4 Rxd4 45. Bxd4 Qd1+ 46. Ka2 Qxd4
1/2-1/2

[Event "IX MIEDZYNARODOWY TURNIEJ SZACHOWY - GORA SW. ANNY 2016 - Open A"]
[Site "Gora Sw. Anny"]
[Date "1899-12-30"]
[Round "10.3"]
[White "Kovalev, Vladislav"]
[Black "Kocheev, Aleksandr"]
[Result "1-0"]
[WhiteTitle "GM"]
[BlackTitle "m"]
[WhiteElo "2558"]
[BlackElo "2360"]

1. e4 e5 2. Nf3 d6 3. d4 exd4 4. Nxd4 Nc6 5. Nc3 Nf6 6. h3 Be7 7. Nde2 Be6 8. Nf4
Qd7 9. g4 h6 10. Bg2 g5 11. Nfd5 Bxd5 12. exd5 Ne5 13. f4 gxf4 14. Bxf4 Ng6 15.
Bg3 O-O-O 16. Qd4 Kb8 17. a4 Rhe8 18. O-O Ne5 19. Nb5 c5 20. Qxe5 dxe5 21. Bxe5+
Ka8 22. Nc7+ Kb8 23. Nxe8+ Kc8 24. Nxf6 Bxf6 25. Bxf6 1-0

[Event "IX MIEDZYNARODOWY TURNIEJ SZACHOWY - GORA SW. ANNY 2016 - Open A"]
[Site "Gora Sw. Anny"]
[Date "1899-12-30"]
[Round "10.4"]
[White "Gajek, Radoslaw"]
[Black "Dobrowolski, Piotr"]
[Result "1/2-1/2"]
[WhiteTitle "IM"]
[BlackTitle "IM"]
[WhiteElo "2432"]
[BlackElo "2430"]

1. e4 c5 2. Nf3 e6 3. d4 cxd4 4. Nxd4 Nc6 5. Nc3 Qc7 6. Be2 a6 7. Be3 Nf6 8. O-O
Be7 9. f4 d6 10. a4 O-O 11. Kh1 Re8 12. Bd3 Nb4 13. a5 Bd7 14. Qf3 Rac8 15. Qg3
Nh5 16. Qh3 Nf6 17. Qg3 Nh5 18. Qh3 Nf6 19. Qg3 Nh5 1/2-1/2

[Event "IX MIEDZYNARODOWY TURNIEJ SZACHOWY - GORA SW. ANNY 2016 - Open A"]
[Site "Gora Sw. Anny"]
[Date "1899-12-30"]
[Round "10.5"]
[White "Teclaf, Pawel"]
[Black "Grela, Kacper"]
[Result "1/2-1/2"]
[WhiteTitle "CM"]
[BlackTitle "FM"]
[WhiteElo "2170"]
[BlackElo "2283"]

1. e4 c5 2. Nf3 Nc6 3. d4 cxd4 4. Nxd4 Nf6 5. Nc3 d6 6. Bc4 e5 7. Nf5 Be6 8. Bb3
Nxe4 9. Nxg7+ Bxg7 10. Nxe4 d5 11. Ng5 O-O 12. c3 e4 13. O-O Ne5 14. Be3 h6 15.
Nxe6 fxe6 16. Bd4 Qh4 17. Bxe5 Bxe5 18. g3 Qh3 19. f4 exf3 20. Rxf3 Bc7 21. Bxd5
Bb6+ 22. Kh1 exd5 23. Qxd5+ Kh8 24. Qe5+ Kg8 25. Qd5+ Kh8 26. Qe5+ Kg8 27. Qd5+
Kh8 28. Qe5+ Kg8 1/2-1/2

[Event "IX MIEDZYNARODOWY TURNIEJ SZACHOWY - GORA SW. ANNY 2016 - Open A"]
[Site "Gora Sw. Anny"]
[Date "1899-12-30"]
[Round "10.6"]
[White "Zylka, Stanislaw"]
[Black "Smieszek, Wojciech"]
[Result "0-1"]
[WhiteTitle "k"]
[BlackTitle "k"]
[WhiteElo "2080"]
[BlackElo "2109"]

1. d4 Nf6 2. Nf3 c5 3. d5 e6 4. Nc3 exd5 5. Nxd5 Nxd5 6. Qxd5 Be7 7. Bf4 Nc6 8.
O-O-O O-O 9. e4 Nb4 10. Qb3 d5 11. a3 c4 12. Qe3 Qa5 13. Kb1 Nxc2 14. Kxc2 Qa4+
15. Kc1 dxe4 16. Qxe4 Bxa3 17. Bxc4 Be6 18. Ng5 Rfc8 19. Qxh7+ Kf8 20. Nxe6+ fxe6
21. Qh8+ Kf7 22. Qh5+ Kf8 23. Qh8+ Kf7 24. Qh5+ Kg8 25. Rd8+ Bf8 26. Rxf8+ Kxf8
27. b3 Qa1+ 28. Kd2 Qd4+ 29. Ke2 Qxf4 30. Rd1 Qf7 31. Qxf7+ Kxf7 32. Rd7+ Kf6
33. Rxb7 Rc6 34. f4 a5 35. g4 g5 36. Bd3 gxf4 37. Rb5 Rc7 38. g5+ Kg7 39. h4 Rh8
40. Rxa5 Rxh4 41. Bc4 Rf7 42. Kf3 Rh3+ 43. Kg2 Re3 44. Kf2 Rd7 45. Ra2 Kg6 46.
Rb2 Kxg5 47. b4 Rh7 48. Rb1 Rh2+ 49. Kg1 Rc2 50. Bf1 Rg3+ 51. Kh1 Rc8 0-1

[Event "IX MIEDZYNARODOWY TURNIEJ SZACHOWY - GORA SW. ANNY 2016 - Open A"]
[Site "Gora Sw. Anny"]
[Date "1899-12-30"]
[Round "10.7"]
[White "Praczukowski, Stanislaw"]
[Black "Kovchan, Alexander"]
[Result "0-1"]
[WhiteTitle "I++"]
[BlackTitle "GM"]
[WhiteElo "2003"]
[BlackElo "2596"]

1. e4 d5 2. exd5 Qxd5 3. Nc3 Qd6 4. d4 Nf6 5. Nf3 a6 6. g3 Bg4 7. Bg2 e6 8. h3
Bxf3 9. Bxf3 c6 10. Bf4 Qd8 11. O-O Be7 12. Qd3 Nbd7 13. Rad1 O-O 14. Rfe1 Re8
15. Ne4 Nxe4 16. Bxe4 Nf6 17. Bg2 Bd6 18. Bg5 h6 19. Bc1 Qc7 20. b3 Rad8 21. Qc4
Qa5 22. Bb2 Bb4 23. c3 Bf8 24. a4 e5 25. Kh2 exd4 26. Rxe8 Rxe8 27. Rxd4 Qf5 28.
Rd2 Re1 29. b4 h5 30. Qd4 Ng4+ 31. hxg4 hxg4 0-1

[Event "IX MIEDZYNARODOWY TURNIEJ SZACHOWY - GORA SW. ANNY 2016 - Open A"]
[Site "Gora Sw. Anny"]
[Date "1899-12-30"]
[Round "10.8"]
[White "Lizak, Jakub"]
[Black "Kanicki, Krzysztof"]
[Result "1-0"]
[WhiteTitle "k"]
[BlackTitle "k"]
[WhiteElo "2247"]
[BlackElo "2178"]

1. e4 c5 2. Nf3 Nc6 3. d4 cxd4 4. Nxd4 Nf6 5. Nc3 d6 6. Bg5 e6 7. Qd2 a6 8. O-O-O
Bd7 9. f4 h6 10. Bh4 g5 11. fxg5 Ng4 12. Be2 Nge5 13. Nf3 Be7 14. Bf2 hxg5 15.
Na4 Qa5 16. Qxa5 Nxa5 17. Nb6 Rd8 18. Bg3 Nac6 19. c3 f6 20. Nd4 Kf7 21. a3 Na7
22. Nxd7 Rxd7 23. Nxe6 Kxe6 24. Bxe5 Kxe5 25. Rd5+ Kxe4 26. Bf3+ Kf4 27. Rd4+
Kf5 28. Bg4+ Kg6 29. Bxd7 Rd8 30. Ba4 Nc6 31. Bxc6 bxc6 32. Ra4 Ra8 33. h4 f5
34. Re1 Ra7 35. hxg5 Bxg5+ 36. Kc2 Kf6 37. Rb4 c5 38. Rb8 Bf4 39. Rf1 1-0

[Event "IX MIEDZYNARODOWY TURNIEJ SZACHOWY - GORA SW. ANNY 2016 - Open A"]
[Site "Gora Sw. Anny"]
[Date "1899-12-30"]
[Round "10.9"]
[White "Licznerski, Lukasz"]
[Black "Kalinowska, Zuzanna"]
[Result "1-0"]
[WhiteTitle "FM"]
[BlackTitle "k"]
[WhiteElo "2308"]
[BlackElo "1854"]

1. e4 c5 2. Nf3 e6 3. d4 cxd4 4. Nxd4 a6 5. Bd3 Nf6 6. O-O d6 7. c4 Nc6 8. Nxc6
bxc6 9. b3 Be7 10. Bb2 e5 11. Nc3 O-O 12. Na4 Qc7 13. Qc2 Rb8 14. Rae1 Nh5 15.
c5 Nf4 16. Rd1 a5 17. cxd6 Bxd6 18. Bc4 Qe7 19. f3 c5 20. Nc3 Be6 21. Nd5 Bxd5
22. Bxd5 Rb6 23. Bc3 Ra6 24. Bc4 Ra7 25. Qd2 Bc7 26. Qd7 Qg5 27. g3 Bb6 28. Qc6
Rb8 29. Bxe5 Qxe5 30. Qxb6 Nh3+ 31. Kg2 Raa8 32. Qd6 Qxd6 33. Rxd6 Ng5 34. h4
Ne6 35. Bxe6 fxe6 36. Rxe6 a4 37. Rc6 axb3 38. axb3 Ra5 39. Rd1 Rxb3 40. Rd8+
Kf7 41. Rd7+ Ke8 42. Rxg7 Ra2+ 43. Kh3 Kd8 44. Rxc5 1-0

[Event "IX MIEDZYNARODOWY TURNIEJ SZACHOWY - GORA SW. ANNY 2016 - Open A"]
[Site "Gora Sw. Anny"]
[Date "1899-12-30"]
[Round "10.10"]
[White "Kosakowski, Jakub"]
[Black "Czopor, Maciej"]
[Result "1/2-1/2"]
[WhiteTitle "k"]
[BlackTitle "I+"]
[WhiteElo "2253"]
[BlackElo "1906"]

1. e4 c5 2. Nf3 d6 3. d4 cxd4 4. Nxd4 Nf6 5. Nc3 e6 6. g4 Nc6 7. g5 Nd7 8. h4 Be7
9. Be3 O-O 10. Qd2 a6 11. O-O-O Nxd4 12. Bxd4 b5 13. Rg1 Bb7 14. a3 Ne5 15. Rg3
Qc7 16. f4 Nc4 17. Bxc4 bxc4 18. h5 Rfb8 19. g6 fxg6 20. hxg6 h6 21. Rh1 e5 22.
Be3 Bc6 23. Nd5 Qb7 24. c3 Bxd5 25. exd5 Qb3 26. Kb1 Qxa3 27. fxe5 Rb5 28. Qf2
Rf8 29. Qc2 Rfb8 30. Bc1 Ra5 31. Qf5 Qa2+ 32. Kc2 Qb3+ 33. Kb1 Qa2+ 34. Kc2 Qb3+
35. Kb1 Qa2+ 36. Kc2 Qb3+ 1/2-1/2

[Event "IX MIEDZYNARODOWY TURNIEJ SZACHOWY - GORA SW. ANNY 2016 - Open A"]
[Site "Gora Sw. Anny"]
[Date "1899-12-30"]
[Round "10.11"]
[White "Smal, Tobiasz"]
[Black "Kowalski, Igor"]
[Result "1/2-1/2"]
[WhiteTitle "k"]
[BlackTitle "k"]
[WhiteElo "2006"]
[BlackElo "2121"]

1. Nf3 Nf6 2. g3 d5 3. Bg2 c5 4. O-O Nc6 5. d3 Bg4 6. Nbd2 e6 7. h3 Bh5 8. c3 Be7
9. Qc2 O-O 10. e4 Re8 11. Re1 h6 12. Nf1 Bg6 13. Bf4 c4 14. N3d2 cxd3 15. Qxd3
e5 16. Be3 dxe4 17. Qe2 Qd3 18. g4 h5 19. g5 Nh7 20. Ng3 Nxg5 21. Ngxe4 Qxe2 22.
Rxe2 Nxe4 23. Nxe4 f5 24. Nc5 Bxc5 25. Bxc5 e4 26. Rd1 Ne5 27. Rd6 Bf7 28. b3
Nd3 29. Bd4 Nf4 30. Rd2 Nxg2 31. Kxg2 f4 32. Rd7 b6 33. c4 Re6 34. Rd1 Rae8 35.
Re1 R8e7 36. Rd8+ Kh7 37. Rg1 Bg6 38. Kf1 Bf5 39. h4 Bh3+ 40. Ke1 Bg4 41. Kd2
e3+ 42. fxe3 fxe3+ 43. Kd3 e2 44. Re1 Rf7 45. Bc3 Ree7 46. Rd5 Rf3+ 47. Kd2 Rh3
48. b4 Rxh4 49. c5 bxc5 50. bxc5 Rh3 51. c6 Rf3 52. Rc5 Rf1 53. c7 Rxe1 54. Kxe1
Rd7 55. Rxh5+ Kg6 56. Rh4 Rd1+ 57. Kf2 Rf1+ 58. Ke3 Rf3+ 59. Kxe2 Rxc3+ 60. Rxg4+
Kf7 61. Ra4 Rxc7 62. Ra6 g6 63. Kf3 Kg7 64. Kg4 Kh6 65. Kh4 1/2-1/2

[Event "IX MIEDZYNARODOWY TURNIEJ SZACHOWY - GORA SW. ANNY 2016 - Open A"]
[Site "Gora Sw. Anny"]
[Date "1899-12-30"]
[Round "10.12"]
[White "Kokoszczynski, Jan"]
[Black "Domanski, Lukasz"]
[Result "1-0"]
[WhiteTitle "k"]
[BlackTitle "I++"]
[WhiteElo "2121"]
[BlackElo "1975"]

1. e4 e5 2. Nf3 d6 3. d4 exd4 4. Nxd4 Nf6 5. Nc3 Be7 6. Bf4 O-O 7. Qd2 c6 8. O-O-O
b5 9. f3 b4 10. Nb1 a5 11. g4 a4 12. h4 Qb6 13. h5 b3 14. cxb3 axb3 15. a3 d5
16. g5 Nfd7 17. Nf5 Qc5+ 18. Qc3 Qxc3+ 19. Nxc3 Bc5 20. exd5 Nb6 21. Nd6 cxd5
22. h6 Be6 23. hxg7 Rd8 24. Nde4 N8d7 25. Nxc5 Nxc5 26. Bc7 Nba4 27. Nxa4 Nxa4
28. Bxd8 Rxd8 29. Bd3 1-0

[Event "IX MIEDZYNARODOWY TURNIEJ SZACHOWY - GORA SW. ANNY 2016 - Open A"]
[Site "Gora Sw. Anny"]
[Date "1899-12-30"]
[Round "10.13"]
[White "Piotrowski, Przemyslaw"]
[Black "Janocha, Jan"]
[Result "1-0"]
[WhiteTitle "k"]
[BlackTitle "I"]
[WhiteElo "2205"]
[BlackElo "1744"]

1. b3 c5 2. g3 Nc6 3. Bb2 d5 4. Bg2 e5 5. d3 Nf6 6. Nd2 Bd6 7. e4 d4 8. a4 Be6
9. Ne2 Qd7 10. h3 a6 11. f4 g6 12. Nc4 Bxc4 13. bxc4 Rb8 14. O-O Qe7 15. Bc1 Ng8
16. Rb1 f6 17. fxe5 fxe5 18. h4 h6 19. Bh3 Nd8 20. c3 g5 21. a5 Nc6 22. Nxd4 exd4
23. Qh5+ Kd8 24. Rf7 Nf6 25. Rxe7 Nxh5 26. Rd7+ Ke8 27. Rxd6 Nxg3 28. Rxc6 Ne2+
29. Kh2 Nxc3 30. Re6+ 1-0